Ya xjach jnop sk' oppnel sok sts'ibayel jun ta scha' chajpal k' op. bats'il k' op sok kaxlan k' op sok kaxlan k´ op = (Record no. 187434)

MARC details
000 -CABECERA
campo de control de longitud fija 00865nam a2200229 a 4500
005 - FECHA Y HORA DE LA ÚLTIMA TRANSACCIÓN
campo de control 20240511063829.0
008 - ELEMENTOS DE LONGITUD FIJA--INFORMACIÓN GENERAL
campo de control de longitud fija 170118s2000 mx r 000 0 spa d
035 ## - NÚMERO DE CONTROL DEL SISTEMA
Número de control de sistema UPN01000215334
049 ## - COLECCIÓN
Colección CE
050 #4 - SIGNATURA TOPOGRÁFICA DE LA BIBLIOTECA DEL CONGRESO
Número de clasificación LB1578.4 T8
Número de documento/Ítem Y3.9
245 00 - MENCIÓN DE TÍTULO
Título Ya xjach jnop sk' oppnel sok sts'ibayel jun ta scha' chajpal k' op. bats'il k' op sok kaxlan k' op sok kaxlan k´ op =
Resto del título Empiezo a leer y escribir en mis dos lenguas.
260 ## - PUBLICACIÓN, DISTRIBUCIÓN, ETC.
Lugar de publicación, distribución, etc. México :
Nombre del editor, distribuidor, etc. INEA,
Fecha de publicación, distribución, etc. [200-?].
300 ## - DESCRIPCIÓN FÍSICA
Extensión 1 paquete (6 piezas)
440 #0 - MENCIÓN DE SERIE/ASIENTO SECUNDARIO--TÍTULO
Título Modelo educación para la vida y el trabajo
505 8# - NOTA DE CONTENIDO CON FORMATO PREESTABLECIDO
Nota de contenido con formato Contenido:
Título (6) h. pleg.
650 #4 - ASIENTO SECUNDARIO DE MATERIA - TERMINO TEMATICO
Término de materia o nombre geográfico como elemento de entrada TZELTAL -
Subdivisión de forma LIBROS DE TEXTO
9 (RLIN) 24293
650 #4 - ASIENTO SECUNDARIO DE MATERIA - TERMINO TEMATICO
Término de materia o nombre geográfico como elemento de entrada TZELTAL -
Subdivisión general ESTUDIO Y ENSEÑANZA
9 (RLIN) 24379
650 #4 - ASIENTO SECUNDARIO DE MATERIA - TERMINO TEMATICO
Término de materia o nombre geográfico como elemento de entrada Español
Subdivisión general Estudio y enseñanza (Elemental)
9 (RLIN) 2806
740 0# - ASIENTO SECUNDARIO - TÍTULOS RELACIONADOS /ANALITICOS NO CONTROLADOS
Título relacionado o analítico no controlado Empiezo a leer y escribir en mis dos lenguas
905 ## - TIPO DE MATERIAL
Tipo de material Libro
Holdings
Estado de retiro Estado de pérdida Fuente del sistema de clasificación o colocación Estado dañado No para préstamo Código de colección Localización permanente Ubicación/localización actual Ubicación en estantería Enumeración/cronología de publicación seriada Total de préstamos Clasificación Código de barras Fecha visto por última vez Número de copia Tipo de ítem Koha
    Library of Congress Classification   Coleccion Esp. Colección Especial Bib. Gregorio Torres Quintero Bib. Gregorio Torres Quintero Colección Especial h. plegs.   LB1578.4 T8 Y3.9 316009 31/12/2020 1 Libro